Thinking, Fast and Slow (Record no. 327587)
[ view plain ]
| 000 -LEADER | |
|---|---|
| fixed length control field | 00335 a2200133 4500 |
| 001 - CONTROL NUMBER | |
| control field | 92514 |
| 003 - CONTROL NUMBER IDENTIFIER | |
| control field | NUST |
| 005 - DATE AND TIME OF LATEST TRANSACTION | |
| control field | 20180120143646.0 |
| 008 - FIXED-LENGTH DATA ELEMENTS--GENERAL INFORMATION | |
| fixed length control field | 180120b xxu||||| |||| 00| 0 eng d |
| 020 ## - INTERNATIONAL STANDARD BOOK NUMBER | |
| International Standard Book Number | 978-0-141-03357-0 |
| 082 ## - DEWEY DECIMAL CLASSIFICATION NUMBER | |
| Classification number | 153.42/KAH |
| 100 ## - MAIN ENTRY--PERSONAL NAME | |
| Personal name | Daniel Kahneman |
| 9 (RLIN) | 9232 |
| 245 ## - TITLE STATEMENT | |
| Title | Thinking, Fast and Slow |
| 260 ## - PUBLICATION, DISTRIBUTION, ETC. | |
| Place of publication, distribution, etc. | United Kingdom |
| Name of publisher, distributor, etc. | Penguin Random House |
| Date of publication, distribution, etc. | 2011 |
| 300 ## - PHYSICAL DESCRIPTION | |
| Extent | viii,499p. |
| 942 ## - ADDED ENTRY ELEMENTS (KOHA) | |
| Institution code [OBSOLETE] | CAE NUST |
| Koha item type | Book |
| Call number prefix | 153.42/KAH |
| Source of classification or shelving scheme | |
| Withdrawn status | Lost status | Damaged status | Not for loan | Collection code | Permanent Location | Current Location | Date acquired | Total Checkouts | Full call number | Barcode | Date last seen | Price effective from | Koha item type | Source of classification or shelving scheme | Source of acquisition | Total Renewals | Date last checked out |
|---|---|---|---|---|---|---|---|---|---|---|---|---|---|---|---|---|---|
| Central Library (CL) | Central Library (CL) | 01/05/2022 | 8 | 153.42 KAH | CL-D-1421 | 04/11/2026 | 01/05/2022 | Book | Donated by Jalal Kaiser Rana NBS student | 10 | 03/16/2026 | ||||||
| College of Aeronautical Engineering (CAE) | College of Aeronautical Engineering (CAE) | 04/03/2017 | 153.42/KAH | CAE88780 | 04/05/2017 | 04/05/2017 | Book |
